[Event "Steinfurt Bezirksliga 1718"]
[Site "Germany"]
[Date "2018.03.17"]
[Round "6.4"]
[White "Krueler, Andreas"]
[Black "Lachmuth, Mathias"]
[Result "1-0"]
[WhiteElo "1510"]
[BlackElo "1676"]
[PlyCount "104"]
[EventDate "2017.09.23"]
[EventType "team-tourn"]
[EventRounds "7"]
[EventCountry "GER"]
[SourceTitle "EXT 2019"]
[Source "ChessBase"]
[SourceDate "2018.10.10"]
[SourceVersion "1"]
[SourceVersionDate "2018.10.10"]
[SourceQuality "1"]
[WhiteTeam "Steinfurt III"]
[BlackTeam "Reckenfeld"]
[WhiteTeamCountry "GER"]
[BlackTeamCountry "GER"]

1. e4 a6 2. Bc4 e6 3. Nf3 b5 4. Bb3 Bb7 5. d3 Nf6 6. Bg5 Be7 7. 0-0 d6 8. h3 Nbd7 9. Nbd2 0-0 10. c4 c5 11. Nh2 h6 12. Bh4 Nh7 13. Bxe7 Qxe7 14. f4 b4 15. Ng4 f5 16. Ne3 Qf6 17. Rb1 Qd4 18. Qe2 fxe4 19. dxe4 Bxe4 20. Nxe4 Qxe4 21. Bc2 Qc6 22. Rbd1 Rfd8 23. Qd3 Ndf8 24. f5 Qd7 25. fxe6 Qxe6 26. Nd5 Qe5 27. Kh1 Ra7 28. Rde1 Qg5 29. Rf5 Qg6 30. Ne7+ Rxe7 31. Rxe7 Nf6 32. Qe2 Qg3 33. Rf3 Qg5 34. Kh2 Qh4 35. Kg1 Qd4+ 36. Kh1 Qh4 37. b3 Nh5 38. Qe3 Qd4 39. Qe1 Nf6 40. Rg3 g5 41. Qf1 Kh8 42. Rf3 N8d7 43. Bf5 Ne5 44. Rf2 Rf8 45. Bc2 Nc6 46. Rc7 Nb8 47. Bg6 a5 48. Re2 Qf4 49. Qe1 Qh4 50. Rf2 Rg8 51. Bf5 g4 52. Qe7 Nfd7 1-0

[Event "Steinfurt Bezirksliga 1718"]
[Site "Germany"]
[Date "2017.12.02"]
[Round "3.5"]
[White "Hartmann, Viktor"]
[Black "Krueler, Andreas"]
[Result "1-0"]
[WhiteElo "1652"]
[BlackElo "1510"]
[PlyCount "61"]
[EventDate "2017.09.23"]
[EventType "team-tourn"]
[EventRounds "7"]
[EventCountry "GER"]
[SourceTitle "EXT 2019"]
[Source "ChessBase"]
[SourceDate "2018.10.10"]
[SourceVersion "1"]
[SourceVersionDate "2018.10.10"]
[SourceQuality "1"]
[WhiteTeam "Ibbenbueren"]
[BlackTeam "Steinfurt III"]
[WhiteTeamCountry "GER"]
[BlackTeamCountry "GER"]

1. d4 e6 2. c4 Bb4+ 3. Nc3 h6 4. e4 Nf6 5. Bd3 0-0 6. Nge2 Nc6 7. 0-0 Bxc3 8. bxc3 d6 9. h3 Nh7 10. f4 f5 11. Ng3 fxe4 12. Bxe4 Nf6 13. Bc2 e5 14. fxe5 dxe5 15. Ba3 Ne7 16. dxe5 Nd7 17. e6 Nf6 18. Qxd8 Rxd8 19. Bxe7 Rd2 20. Bf5 b6 21. Rfd1 Rxd1+ 22. Rxd1 Bb7 23. Bxf6 gxf6 24. Nh5 Bc6 25. Nxf6+ Kg7 26. Nd5 Bxd5 27. cxd5 Kf6 28. g4 Rd8 29. c4 a6 30. Rf1 Ke7 31. Bg6 1-0

[Event "Steinfurt Bezirksklasse 1213"]
[Site "Germany"]
[Date "2013.03.23"]
[Round "7.4"]
[White "Schulte, Rainer"]
[Black "Krueler, Andreas"]
[Result "1-0"]
[WhiteElo "1434"]
[BlackElo "1491"]
[PlyCount "92"]
[EventDate "2012.09.29"]
[EventType "team-tourn"]
[EventRounds "9"]
[EventCountry "GER"]
[SourceTitle "EXT 2015"]
[Source "ChessBase"]
[SourceDate "2014.11.20"]
[SourceVersion "1"]
[SourceVersionDate "2014.11.20"]
[SourceQuality "1"]
[WhiteTeam "Emsdetten Rochade IV"]
[BlackTeam "Steinfurt III"]
[WhiteTeamCountry "GER"]
[BlackTeamCountry "GER"]

1. d4 d5 2. c4 dxc4 3. Qa4+ c6 4. Qxc4 e6 5. Bf4 Nd7 6. Nf3 h6 7. Nc3 Ngf6 8. e3 Nb6 9. Qb3 Nbd5 10. Bg3 Nxc3 11. bxc3 Bd6 12. Bc4 b5 13. Bd3 Bb7 14. a4 Qa5 15. 0-0 b4 16. cxb4 Qxb4 17. Qxb4 Bxb4 18. Rab1 a5 19. Ne5 0-0 20. Rfc1 Rac8 21. Nc4 Ba8 22. Nb6 Rcd8 23. Nxa8 Rxa8 24. Rxc6 Rac8 25. Rbc1 Rxc6 26. Rxc6 Nd5 27. h3 Nc3 28. Bb5 Ra8 29. Kh2 Kf8 30. Be5 f6 31. Bg3 Ra7 32. Rd6 Nxb5 33. axb5 Rb7 34. b6 Kf7 35. Rc6 Kg6 36. Bc7 Kf5 37. d5 h5 38. f3 a4 39. e4+ Kg6 40. d6 a3 41. Rc2 Bxd6+ 42. Bxd6 Rxb6 43. Bxa3 Rb7 44. Bd6 Rd7 45. Rc6 Kh7 46. f4 Kg6 1-0

[Event "Steinfurt Bezirksklasse 1213"]
[Site "Germany"]
[Date "2012.09.29"]
[Round "1.3"]
[White "Krueler, Andreas"]
[Black "Ottens, Josef"]
[Result "1-0"]
[WhiteElo "1491"]
[BlackElo "1407"]
[PlyCount "55"]
[EventDate "2012.09.29"]
[EventType "team-tourn"]
[EventRounds "9"]
[EventCountry "GER"]
[SourceTitle "EXT 2015"]
[Source "ChessBase"]
[SourceDate "2014.11.20"]
[SourceVersion "1"]
[SourceVersionDate "2014.11.20"]
[SourceQuality "1"]
[WhiteTeam "Steinfurt III"]
[BlackTeam "Steinfurt IV"]
[WhiteTeamCountry "GER"]
[BlackTeamCountry "GER"]

1. e4 c5 2. Nf3 d6 3. h3 h6 4. Bb5+ Bd7 5. Bxd7+ Nxd7 6. Nc3 Ngf6 7. d3 e6 8. 0-0 Be7 9. Nh2 a6 10. f4 Qb6 11. Kh1 Qc6 12. b3 0-0-0 13. a4 h5 14. f5 e5 15. Nf3 h4 16. Bg5 Ng8 17. Bxe7 Nxe7 18. Ng5 Rdf8 19. Qd2 Nf6 20. Rfb1 Nh5 21. b4 Nf4 22. b5 Qb6 23. bxa6 Qxa6 24. Rb5 Nc6 25. a5 Nb4 26. Rb6 Qa7 27. Nb5 f6 28. Nxa7+ 1-0

[Event "Steinfurt Bezirksliga 1112"]
[Site "Germany"]
[Date "2012.06.02"]
[Round "9.4"]
[White "Krueler, Andreas"]
[Black "Koczy, Willibald"]
[Result "1/2-1/2"]
[WhiteElo "1528"]
[BlackElo "1517"]
[PlyCount "113"]
[EventDate "2011.10.01"]
[EventType "team-tourn"]
[EventRounds "9"]
[EventCountry "GER"]
[SourceTitle "EXT 2013"]
[Source "ChessBase"]
[SourceDate "2012.11.22"]
[SourceVersion "1"]
[SourceVersionDate "2012.11.22"]
[SourceQuality "1"]
[WhiteTeam "Steinfurt III"]
[BlackTeam "Ibbenbueren II"]
[WhiteTeamCountry "GER"]
[BlackTeamCountry "GER"]

1. e4 c5 2. Nf3 d6 3. Bb5+ Bd7 4. Bxd7+ Nxd7 5. 0-0 Ngf6 6. d3 g6 7. Ng5 Bg7 8. f4 Qc7 9. Nc3 a6 10. Rb1 b5 11. Qf3 Rc8 12. Bd2 0-0 13. Ne2 e6 14. c3 Qc6 15. Rf2 c4 16. d4 h6 17. e5 Qxf3 18. Rxf3 hxg5 19. exf6 Nxf6 20. fxg5 Ne4 21. Be3 d5 22. Ng3 Nd6 23. Rbf1 Nf5 24. Nxf5 exf5 25. Kf2 Rfe8 26. Re1 Re4 27. Bd2 Rce8 28. Rxe4 fxe4 29. Rf4 Re6 30. h4 Bf8 31. Rf6 Be7 32. Rxe6 fxe6 33. Kg3 Bd6+ 34. Kg4 e5 35. h5 gxh5+ 36. Kxh5 exd4 37. cxd4 b4 38. Kg6 Bc7 39. Bxb4 e3 40. Be1 Bb6 41. Bc3 e2 42. b3 cxb3 43. axb3 Bxd4 44. Be1 Be3 45. Kf5 d4 46. Ke4 Bxg5 47. Kxd4 Kf7 48. Kd3 Ke6 49. Kxe2 Kd5 50. Kd3 Kc5 51. Kc2 Bd8 52. g4 Kb5 53. Kb2 a5 54. Bxa5 Bxa5 55. g5 Kb4 56. g6 Bc7 57. Kc2 1/2-1/2

[Event "Steinfurt Bezirksliga 0910"]
[Site "Germany"]
[Date "2009.11.14"]
[Round "3.8"]
[White "Koczy, Willibald"]
[Black "Krueler, Andreas"]
[Result "1-0"]
[WhiteElo "1454"]
[BlackElo "1475"]
[PlyCount "63"]
[EventDate "2009.09.12"]
[EventType "team-tourn"]
[EventRounds "9"]
[EventCountry "GER"]
[SourceTitle "EXT 2011"]
[Source "ChessBase"]
[SourceDate "2010.11.26"]
[SourceVersion "1"]
[SourceVersionDate "2010.11.26"]
[SourceQuality "1"]
[WhiteTeam "Ibbenbueren II"]
[BlackTeam "Steinfurt III"]
[WhiteTeamCountry "GER"]
[BlackTeamCountry "GER"]

1. e4 e5 2. Nf3 d6 3. d4 exd4 4. Nxd4 Be7 5. Nc3 Nf6 6. Be2 a6 7. a4 c5 8. Nf3 Nc6 9. 0-0 0-0 10. h3 Re8 11. Bc4 h6 12. Re1 Nd7 13. Bf4 Nde5 14. Nxe5 dxe5 15. Be3 Nd4 16. Nd5 Be6 17. c3 Nc6 18. Qe2 Bxd5 19. Bxd5 Qc7 20. Qg4 Kf8 21. f4 Bd6 22. Rf1 Ne7 23. Bc4 Nc6 24. Bxf7 Re7 25. Bd5 Ke8 26. f5 Rf7 27. Bxf7+ Qxf7 28. f6 Bf8 29. fxg7 Qxg7 30. Qh5+ Kd8 31. Rad1+ Kc8 32. Qf5+ 1-0

[Event "Steinfurt Bezirksliga 0809"]
[Site "Germany"]
[Date "2009.03.14"]
[Round "7.4"]
[White "Krueler, Andreas"]
[Black "Rengers, Rainer"]
[Result "0-1"]
[WhiteElo "1463"]
[BlackElo "1680"]
[PlyCount "90"]
[EventDate "2008.09.27"]
[EventType "team-tourn"]
[EventRounds "9"]
[EventCountry "GER"]
[SourceTitle "EXT 2010"]
[Source "ChessBase"]
[SourceDate "2010.11.25"]
[SourceVersion "1"]
[SourceVersionDate "2010.11.25"]
[SourceQuality "1"]
[WhiteTeam "Steinfurt III"]
[BlackTeam "Neuenkirchen II"]
[WhiteTeamCountry "GER"]
[BlackTeamCountry "GER"]

1. e4 d5 2. exd5 Qxd5 3. Nc3 Qd6 4. Bc4 Nf6 5. h3 a6 6. Qf3 Nc6 7. Bb3 e6 8. Nge2 Be7 9. Qg3 Bd7 10. Qxd6 cxd6 11. a3 0-0 12. d3 Rac8 13. Bd2 b5 14. Nf4 Nd4 15. Rc1 Nxb3 16. cxb3 d5 17. 0-0 d4 18. Nb1 e5 19. Ne2 Bf5 20. Rfe1 Bxd3 21. Bg5 Rxc1 22. Bxc1 Bxb1 23. Nxd4 exd4 24. Rxe7 Re8 25. Rxe8+ Nxe8 26. Kf1 Bd3+ 27. Ke1 Nc7 28. b4 Nd5 29. g3 f6 30. h4 Kf7 31. Kd2 Bc4 32. b3 Bxb3 33. Kd3 Ke6 34. Kxd4 Kd6 35. Bd2 h6 36. f4 Ne7 37. Ke3 Kd5 38. Kd3 Nf5 39. Be1 Bc4+ 40. Kd2 Ke4 41. g4 Nd4 42. Bf2 Nf3+ 43. Kc3 Kxf4 44. g5 hxg5 45. hxg5 Kxg5 0-1

[Event "Steinfurt Bezirksklasse 0506"]
[Site "Germany"]
[Date "2005.10.22"]
[Round "2.7"]
[White "Krueler, Andreas"]
[Black "Zhang, Yiwan"]
[Result "1/2-1/2"]
[WhiteElo "1401"]
[BlackElo "1148"]
[PlyCount "55"]
[EventDate "2005.09.10"]
[EventType "team-tourn"]
[EventRounds "7"]
[EventCountry "GER"]
[SourceTitle "EXT 2006"]
[Source "ChessBase"]
[SourceDate "2005.11.24"]
[SourceVersion "1"]
[SourceVersionDate "2005.11.24"]
[SourceQuality "1"]
[WhiteTeam "Steinfurt III"]
[BlackTeam "Emsdetten Rochade IV"]
[WhiteTeamCountry "GER"]
[BlackTeamCountry "GER"]

1. e4 e6 2. d4 d5 3. exd5 exd5 4. Qe2+ Qe7 5. Nf3 Qxe2+ 6. Bxe2 Nf6 7. Bf4 c6 8. 0-0 Be7 9. Nbd2 0-0 10. Bd3 h6 11. Rfe1 Re8 12. Ne5 Be6 13. Bg3 Nbd7 14. Nxd7 Nxd7 15. Re2 Bf6 16. c3 Bg4 17. Rxe8+ Rxe8 18. f3 Bh5 19. Bf5 Nf8 20. Kf1 Bg6 21. Bxg6 Nxg6 22. Nb3 b6 23. Re1 Rxe1+ 24. Kxe1 Bd8 25. Bd6 Nh4 26. Kf2 g6 27. g4 g5 28. Nd2 1/2-1/2